| 000 | 00758nam1a22002051i 4500 | ||
|---|---|---|---|
| 001 | rc\4836963 | ||
| 005 | 20240724130916.0 | ||
| 035 | _a(NLR Aleph) 008807936 | ||
| 090 |
_a8143384 _c8143384 |
||
| 100 | _a20130426d1959 |||y0rusy50 ca | ||
| 101 | 0 | _arus | |
| 102 | _aRU | ||
| 105 | _ay z ||||| | ||
| 200 | 1 |
_aТематика научно-исследовательских работ в Сибири и на Дальнем Востоке на 1959-1965 годы _e[1]- _fАкад. наук СССР. Сиб. отд-ние. Постоянная комис. по обществ. наукам |
|
| 210 |
_aНовосибирск _cБ. и. _d1959 |
||
| 215 | _d23 | ||
| 801 | 0 |
_aRU _bNLR _gpsbo |
|
| 801 | 1 |
_aRU _bELAR _2rusmarc |
|
| 852 |
_aNLR _j60-5/347 |
||
| 942 | _cBOOK | ||